000 01126nam a2200313 a 4500
001 000023327
003 DO-SdBNP
005 20250630104810.0
008 101202s1994 sp r 000 f spa d
020 _a8408011839
040 _aDO-SdBNP
_bspa
_cBNPHU
082 4 _aRD863.64
_bV393g
_222
100 1 _aVázquez Montalbán, Manuel,
_d1939-2003.
_920828
245 1 0 _aGalíndez /
_cManuel Vázquez Montalbán.
260 _aBarcelona, España :
_bPlaneta,
_c1994.
300 _a355 p. ;
_c19 cm.
490 _aPlaneta bolsillo :
_v40
586 _aPremio Nacional de Narrativa, 1991.
586 _aPremio Literario Europeo, 1992.
650 4 _aNovela histórica española
_96177
650 4 _aNovela política española
_948050
650 4 _aLiteratura española
_ySIGLO XX
_93326
650 1 0 _aDemografía
_945443
651 4 _aRepública Dominicana
_xPolítica Y Gobierno
_yERA DE TRUJILLO, 1930-1961
_xNovela
_948051
651 0 _aREPÚBLICA DOMINICANA
_xHISTORIA
_yERA DE TRUJILLO, 1930-1961
_xNOVELA
_921999
830 _aPlaneta bolsillo ;
_v40
_921739
910 _aValidado. Control de calidad
942 _2ddc
_cLBS1
999 _c22824
_d22824